[Event "Novosibirsk Region-ch sf"]
[Site "Novosibirsk"]
[Date "2010.10.23"]
[Round "8"]
[White "Popov, Nikita"]
[Black "Misyakov, Ilya"]
[Result "1-0"]
[WhiteElo "1781"]
[BlackElo "2086"]
[PlyCount "47"]
[EventDate "2010.??.??"]
[EventType "swiss"]
[EventRounds "9"]
[EventCountry "RUS"]
[SourceTitle "EXT 2014"]
[Source "ChessBase"]
[SourceDate "2013.11.20"]
[SourceVersion "1"]
[SourceVersionDate "2013.11.20"]
[SourceQuality "1"]

1. e4 c5 2. f4 d6 3. Nf3 Nc6 4. Bb5 Bd7 5. 0-0 Rc8 6. d3 Nd4 7. Bxd7+ Qxd7 8. c3 Nxf3+ 9. Qxf3 a6 10. Be3 g6 11. g4 Bg7 12. Nd2 h5 13. g5 Qb5 14. Nc4 Qc6 15. f5 f6 16. fxg6 b5 17. Nd2 Qd7 18. h3 Qe6 19. d4 fxg5 20. Qf7+ Kd7 21. Qxg7 Qxh3 22. Rf3 Qg4+ 23. Kf2 Nf6 24. Rxf6 1-0

[Event "Nizhnij Novgorod Hope Cup"]
[Site "Nizhnij Novgorod"]
[Date "2010.08.15"]
[Round "5"]
[White "Mazhukin, Evgeny"]
[Black "Popov, Nikita"]
[Result "1-0"]
[WhiteElo "1781"]
[BlackElo "2006"]
[PlyCount "83"]
[EventDate "2010.08.10"]
[EventType "swiss"]
[EventRounds "7"]
[EventCountry "RUS"]
[SourceTitle "CBM 138 Extra"]
[Source "ChessBase"]
[SourceDate "2010.10.29"]
[SourceVersion "1"]
[SourceVersionDate "2010.10.29"]
[SourceQuality "1"]

1. d4 d5 2. Nf3 Nf6 3. c4 e6 4. Bg5 Nbd7 5. Nc3 c6 6. e3 Qa5 7. Qd2 Bb4 8. Rc1 Ne4 9. Qc2 Qxa2 10. cxd5 exd5 11. Bf4 Ndf6 12. Bd3 0-0 13. 0-0 Nxc3 14. bxc3 Qxc2 15. Rxc2 Be7 16. Ra1 Ne4 17. c4 Be6 18. c5 f6 19. Rca2 a6 20. Rb2 Bc8 21. Bxe4 dxe4 22. Nd2 f5 23. Nc4 Be6 24. Na5 g5 25. Be5 Bd5 26. Rxb7 Bf6 27. Bd6 Rfc8 28. Ra3 Re8 29. Kf1 h5 30. Ke2 h4 31. Kd2 f4 32. Kc3 f3 33. g3 hxg3 34. hxg3 Re6 35. Rb4 g4 36. Rb6 Rc8 37. Bf4 Bg7 38. Kd2 Bh6 39. Be5 Bf8 40. Rb8 Rxb8 41. Bxb8 Kf7 42. Bf4 1-0

[Event "Berdsk Maestro op 16th"]
[Site "Berdsk"]
[Date "2010.07.12"]
[Round "5"]
[White "Pavlov, Oleg Yuryevich"]
[Black "Popov, Nikita"]
[Result "1-0"]
[WhiteElo "2297"]
[BlackElo "2006"]
[PlyCount "129"]
[EventDate "2010.07.08"]
[EventType "swiss"]
[EventRounds "9"]
[EventCountry "RUS"]
[SourceTitle "EXT 2011"]
[Source "ChessBase"]
[SourceDate "2010.11.26"]
[SourceVersion "1"]
[SourceVersionDate "2010.11.26"]
[SourceQuality "1"]

1. d4 f5 2. g3 Nf6 3. Bg2 d5 4. c4 e6 5. Nh3 c6 6. Qc2 Bd6 7. 0-0 0-0 8. Bf4 b6 9. Nd2 Bb7 10. Rac1 Na6 11. Nf3 Ne4 12. a3 Bxf4 13. Nxf4 Qe7 14. Nd3 Rac8 15. c5 bxc5 16. dxc5 Nc7 17. Nde5 Ne8 18. Nd4 N8f6 19. f3 Ng5 20. Qa4 Nf7 21. Nxf7 Qxf7 22. Qxa7 Rfe8 23. Qa4 g6 24. f4 e5 25. fxe5 Rxe5 26. Bf3 Ne4 27. Qc2 Qf6 28. Rcd1 h5 29. Bg2 Rc7 30. Rf4 Rh7 31. Bxe4 Rxe4 32. Rxe4 fxe4 33. e3 Rf7 34. Qe2 Qg5 35. b4 Bc8 36. Rf1 Ba6 37. b5 Bxb5 38. Nxb5 Rxf1+ 39. Kxf1 cxb5 40. Ke1 Qe5 41. Qxb5 Qc3+ 42. Kd1 Qxe3 43. c6 Qg1+ 44. Kc2 Qxh2+ 45. Kc3 Qxg3+ 46. Kd4 Qf2+ 47. Kxd5 Qf5+ 48. Kc4 Qf1+ 49. Kb4 Qe1+ 50. Ka4 Qc1 51. Qd5+ Kg7 52. Qxe4 Qc5 53. Kb3 Kf6 54. Qc4 Qxc4+ 55. Kxc4 Ke7 56. Kb5 Kd8 57. a4 h4 58. a5 h3 59. a6 h2 60. a7 h1Q 61. a8Q+ Ke7 62. Qa7+ Kf6 63. Qa4 Ke5 64. c7 Qb1+ 65. Kc6 1-0

[Event "Berdsk Maestro op 16th"]
[Site "Berdsk"]
[Date "2010.07.11"]
[Round "4"]
[White "Popov, Nikita"]
[Black "Nikolaev, Alexander"]
[Result "0-1"]
[WhiteElo "2006"]
[BlackElo "2129"]
[PlyCount "80"]
[EventDate "2010.07.08"]
[EventType "swiss"]
[EventRounds "9"]
[EventCountry "RUS"]
[SourceTitle "EXT 2011"]
[Source "ChessBase"]
[SourceDate "2010.11.26"]
[SourceVersion "1"]
[SourceVersionDate "2010.11.26"]
[SourceQuality "1"]

1. Nf3 d5 2. g3 Nf6 3. d4 e6 4. Bg2 b5 5. c3 Bb7 6. b4 a5 7. bxa5 Rxa5 8. Qb3 Nbd7 9. 0-0 Qa8 10. Nbd2 Bd6 11. Qc2 0-0 12. Nb3 Ra4 13. Bf4 Qa6 14. Rfb1 Ra8 15. Nc1 Ra5 16. Rb3 Ne4 17. Rab1 c5 18. Bxd6 Nxd6 19. e3 Ne4 20. Bf1 c4 21. R3b2 Ra3 22. Ne2 Bc6 23. Ra1 Qa4 24. Nd2 Qxc2 25. Rxc2 Nxd2 26. Rxd2 Nf6 27. Bg2 Nd7 28. Rb2 R8a4 29. Kf1 Nb8 30. Ke1 Na6 31. Kd2 Kf8 32. Bf1 Ke7 33. Bg2 b4 34. cxb4 Rd3+ 35. Kc1 Nxb4 36. a3 Na6 37. Rb6 Kd7 38. Bf1 Kc7 39. Rb2 Rdxa3 40. Rxa3 Rxa3 0-1

[Event "Novosibirsk-ch"]
[Site "Novosibirsk"]
[Date "2010.03.01"]
[Round "1"]
[White "Popov, Nikita"]
[Black "Vorobjov, Stanislav"]
[Result "0-1"]
[WhiteElo "1993"]
[BlackElo "2220"]
[PlyCount "62"]
[EventDate "2010.03.01"]
[EventType "swiss"]
[EventRounds "9"]
[EventCountry "RUS"]
[SourceTitle "CBM 135 Extra"]
[Source "ChessBase"]
[SourceDate "2010.05.04"]
[SourceVersion "1"]
[SourceVersionDate "2010.05.04"]
[SourceQuality "1"]

1. e4 c5 2. f4 Nc6 3. Nf3 g6 4. Bb5 Bg7 5. e5 d6 6. d4 cxd4 7. Nxd4 Bd7 8. Bxc6 bxc6 9. exd6 exd6 10. 0-0 Ne7 11. Kh1 0-0 12. Nc3 c5 13. Nf3 Bc6 14. Re1 Nf5 15. Nd5 Re8 16. Rxe8+ Bxe8 17. Ng5 h6 18. Ne4 Rb8 19. c3 Bc6 20. b3 Qh4 21. g3 Qd8 22. Kg1 Nd4 23. Nef6+ Bxf6 24. Nxf6+ Qxf6 25. cxd4 Qf5 26. d5 Bxd5 27. Qe2 Bc6 28. Bb2 Qd5 29. g4 Qh1+ 30. Kf2 Qg2+ 31. Ke1 Re8 0-1

[Event "Nizhnij Novgorod op"]
[Site "Nizhnij Novgorod"]
[Date "2010.??.??"]
[Round "?"]
[White "Popov, Nikita"]
[Black "Yezerskaja, Anastasija"]
[Result "1-0"]
[WhiteElo "1963"]
[BlackElo "1482"]
[PlyCount "87"]
[EventDate "2010.10.02"]
[EventType "swiss"]
[EventRounds "9"]
[EventCountry "RUS"]
[SourceTitle "EXT 2011"]
[Source "ChessBase"]
[SourceDate "2010.11.26"]
[SourceVersion "1"]
[SourceVersionDate "2010.11.26"]
[SourceQuality "1"]

1. d4 Nf6 2. Nf3 e6 3. e3 c5 4. c4 Nc6 5. Nc3 cxd4 6. exd4 d5 7. Bg5 dxc4 8. Bxc4 h6 9. Bh4 g5 10. Bg3 Bg7 11. 0-0 0-0 12. Re1 a6 13. Rb1 b5 14. Bb3 Bb7 15. d5 exd5 16. Nxd5 Nxd5 17. Bxd5 Qb6 18. Bb3 Rad8 19. Qe2 Nd4 20. Nxd4 Bxd4 21. Bc2 Bg7 22. h4 gxh4 23. Bxh4 Rd4 24. Bg3 Qc6 25. f3 Rdd8 26. Be4 Qc8 27. Rbc1 Qa8 28. Bb1 Qa7+ 29. Kh1 Qd4 30. Qc2 f5 31. Rcd1 Qf6 32. Rxd8 Qxd8 33. a4 bxa4 34. Qxa4 Kh8 35. Qb4 Qd5 36. Be5 Rf7 37. Bxg7+ Kxg7 38. Qc3+ Rf6 39. Re7+ Kg6 40. Qe1 Rf7 41. Re6+ Kh7 42. Re5 Qd7 43. Bxf5+ Rxf5 44. Re7+ 1-0

[Event "Novosibirsk Region-ch"]
[Site "Novosibirsk"]
[Date "2009.12.05"]
[Round "2"]
[White "Misyakov, Ilya"]
[Black "Popov, Nikita"]
[Result "0-1"]
[WhiteElo "2046"]
[BlackElo "1893"]
[PlyCount "42"]
[EventDate "2009.12.04"]
[EventType "swiss"]
[EventRounds "9"]
[EventCountry "RUS"]
[SourceTitle "EXT 2011"]
[Source "ChessBase"]
[SourceDate "2010.11.26"]
[SourceVersion "1"]
[SourceVersionDate "2010.11.26"]
[SourceQuality "1"]

1. d4 f5 2. g4 d5 3. gxf5 Bxf5 4. Bg2 Nf6 5. c4 e6 6. Qb3 Nc6 7. e3 Nb4 8. Na3 Nd3+ 9. Ke2 Bxa3 10. Qxa3 Nxf2 11. Kxf2 Ne4+ 12. Ke2 Qh4 13. Bf3 Qf2+ 14. Kd3 Nc5+ 15. Kc3 Qc2+ 16. Kb4 Nd3+ 17. Ka5 b6+ 18. Ka6 Qxc4+ 19. Kb7 Kf7 20. Bh5+ g6 21. Bxg6+ hxg6 0-1